[Event "DEM U12w 2025"]
[Site "Willingen GER"]
[Date "2025.06.10"]
[Round "4"]
[White "Subocz, Emma"]
[Black "Lüken, Juliane"]
[Result "1-0"]
[Termination "normal"]
[Board "22"]
[WhiteElo "1270"]
[BlackElo "987"]
[WhiteClock "01:17:22"]
[BlackClock "00:58:05"]
[PlyCount "55"]
[WhiteFideId "41805666"]
[BlackFideId "533043485"]
[EventCountry "GER"]
[EventRounds "9"]
[EventType "swiss"]
[EventDate "2025.06.07"]

1. e4 {[%clk 01:30:59]} e5 {[%clk 01:30:54]} {[%emt 00:00:06]} 2. Nf3 {[%clk
01:31:16]} {[%emt 00:00:13]} Nc6 {[%clk 01:31:08]} {[%emt 00:00:15]} 3. Nc3
{[%clk 01:31:36]} {[%emt 00:00:11]} Bb4 {[%clk 01:31:21]} {[%emt 00:00:17]} 4.
d3 {[%clk 01:30:14]} {[%emt 00:01:52]} d6 {[%clk 01:31:31]} {[%emt 00:00:18]}
5. Bd2 {[%clk 01:29:27]} {[%emt 00:01:18]} Nf6 {[%clk 01:31:08]} {[%emt
00:00:53]} 6. Be2 {[%clk 01:29:27]} {[%emt 00:00:31]} Bc5 {[%clk 01:30:31]}
{[%emt 00:01:03]} 7. O-O {[%clk 01:29:09]} {[%emt 00:00:52]} O-O {[%clk
01:30:38]} {[%emt 00:00:22]} 8. Bg5 {[%clk 01:29:23]} {[%emt 00:00:16]} Be6
{[%clk 01:29:49]} {[%emt 00:01:17]} 9. Qd2 {[%clk 01:23:37]} {[%emt 00:06:19]}
b6 {[%clk 01:27:45]} {[%emt 00:02:31]} 10. Nb5 {[%clk 01:22:48]} {[%emt
00:01:23]} a6 {[%clk 01:26:59]} {[%emt 00:01:14]} 11. Bxf6 {[%clk 01:22:25]}
{[%emt 00:00:55]} gxf6 {[%emt 00:00:29]} 12. Nc3 {[%emt 00:00:51]} Bg4 {[%clk
01:23:03]} {[%emt 00:03:04]} 13. Qh6 {[%clk 01:21:01]} {[%emt 00:01:53]} Nd4
{[%clk 01:16:47]} {[%emt 00:06:48]} 14. Nxd4 {[%clk 01:21:04]} {[%emt
00:00:27]} exd4 {[%clk 01:16:15]} {[%emt 00:01:02]} 15. Bxg4 {[%clk 01:21:13]}
{[%emt 00:00:22]} Kh8 {[%clk 01:14:29]} {[%emt 00:02:15]} 16. Nd5 {[%clk
01:21:24]} {[%emt 00:00:19]} Rg8 {[%clk 01:13:02]} {[%emt 00:01:54]} 17. Nxf6
{[%clk 01:21:07]} {[%emt 00:00:50]} Rg7 {[%clk 01:12:32]} {[%emt 00:00:59]} 18.
Bf5 {[%clk 01:21:10]} {[%emt 00:00:28]} Qf8 {[%clk 01:09:45]} {[%emt 00:03:10]}
19. Qh4 {[%clk 01:20:13]} {[%emt 00:01:33]} Qg8 {[%clk 01:08:33]} {[%emt
00:01:44]} 20. Nxg8 {[%clk 01:20:31]} {[%emt 00:00:11]} Raxg8 {[%clk 01:08:58]}
{[%emt 00:00:04]} 21. g3 {[%clk 01:20:06]} {[%emt 00:00:56]} Bb4 {[%clk
01:04:17]} {[%emt 00:05:10]} 22. a3 {[%clk 01:18:15]} {[%emt 00:02:23]} Bd2
{[%clk 01:04:28]} {[%emt 00:00:16]} 23. Rad1 {[%clk 01:18:12]} {[%emt
00:00:35]} Bg5 {[%clk 01:04:37]} {[%emt 00:00:20]} 24. Qh5 {[%clk 01:17:10]}
{[%emt 00:01:32]} h6 {[%clk 01:04:40]} {[%emt 00:00:25]} 25. f4 {[%clk
01:17:11]} {[%emt 00:00:31]} Rf8 {[%clk 01:01:22]} {[%emt 00:03:48]} 26. fxg5
{[%clk 01:17:09]} {[%emt 00:00:34]} Rfg8 {[%clk 00:58:05]} {[%emt 00:03:45]}
27. Qxh6+ {[%clk 01:17:22]} {[%emt 00:00:18]} Rh7 {[%emt 00:01:19]} 28. Qxh7#
{[%emt 00:00:06]} 1-0

[Event "DEM U12w 2025"]
[Site "Willingen GER"]
[Date "2025.06.11"]
[Round "5"]
[White "Chen, Yuefan"]
[Black "Shynkar, Daria"]
[Result "1/2-1/2"]
[Termination "normal"]
[Board "2"]
[WhiteElo "1754"]
[BlackElo "1733"]
[WhiteClock "00:29:58"]
[BlackClock "00:30:17"]
[PlyCount "94"]
[WhiteFideId "34653910"]
[BlackFideId "34163212"]
[EventCountry "GER"]
[EventRounds "9"]
[EventType "swiss"]
[EventDate "2025.06.07"]

1. d4 {[%clk 01:30:52]} {[%emt 00:00:07]} d5 {[%clk 01:30:51]} {[%emt
00:00:09]} 2. c4 {[%clk 01:30:29]} {[%emt 00:00:53]} e6 {[%clk 01:31:16]}
{[%emt 00:00:06]} 3. Nc3 {[%clk 01:30:39]} {[%emt 00:00:20]} Bb4 {[%clk
01:31:40]} {[%emt 00:00:06]} 4. e3 {[%clk 01:29:43]} {[%emt 00:01:26]} c5
{[%clk 01:31:59]} {[%emt 00:00:11]} 5. dxc5 {[%clk 01:26:29]} {[%emt 00:03:44]}
Bxc3+ {[%clk 01:28:07]} {[%emt 00:04:22]} 6. bxc3 {[%clk 01:26:49]} {[%emt
00:00:09]} Qa5 {[%clk 01:28:09]} {[%emt 00:00:29]} 7. Bb2 {[%clk 01:24:42]}
{[%emt 00:02:37]} Nf6 {[%clk 01:25:10]} {[%emt 00:03:29]} 8. Nf3 {[%clk
01:21:25]} {[%emt 00:03:47]} Qxc5 {[%clk 01:20:30]} {[%emt 00:05:09]} 9. Qd4
{[%clk 01:17:35]} {[%emt 00:04:20]} Nbd7 {[%clk 01:17:35]} {[%emt 00:03:25]}
10. cxd5 {[%clk 01:14:13]} {[%emt 00:03:52]} Qxd5 {[%clk 01:10:26]} {[%emt
00:07:40]} 11. Bc4 {[%clk 01:13:18]} {[%emt 00:01:25]} Qxd4 {[%clk 01:09:19]}
{[%emt 00:01:37]} 12. cxd4 {[%clk 01:12:52]} {[%emt 00:00:56]} Nb6 {[%clk
01:06:51]} {[%emt 00:02:58]} 13. Bb3 {[%clk 01:10:57]} {[%emt 00:02:25]} Bd7
{[%clk 01:06:07]} {[%emt 00:01:14]} 14. Ne5 {[%clk 01:09:02]} {[%emt 00:02:24]}
O-O {[%clk 01:01:28]} {[%emt 00:05:09]} 15. a4 {[%clk 01:04:29]} {[%emt
00:05:03]} Rfc8 {[%clk 00:59:47]} {[%emt 00:02:12]} 16. O-O {[%clk 01:02:27]}
{[%emt 00:02:30]} Rc7 {[%clk 00:55:07]} {[%emt 00:05:11]} 17. f3 {[%clk
00:56:45]} {[%emt 00:06:11]} Be8 {[%clk 00:47:12]} {[%emt 00:08:27]} 18. e4
{[%clk 00:53:43]} {[%emt 00:03:32]} Nbd7 {[%clk 00:46:57]} {[%emt 00:00:44]}
19. Nc4 {[%clk 00:40:31]} {[%emt 00:13:42]} Rd8 {[%clk 00:37:00]} {[%emt
00:10:27]} 20. Rfc1 {[%clk 00:31:03]} {[%emt 00:10:00]} Nb6 {[%clk 00:35:30]}
{[%emt 00:02:00]} 21. Nxb6 {[%clk 00:27:39]} {[%emt 00:03:55]} Rxc1+ {[%clk
00:35:54]} {[%emt 00:00:06]} 22. Rxc1 {[%clk 00:28:05]} {[%emt 00:00:04]} axb6
{[%clk 00:36:15]} {[%emt 00:00:09]} 23. Rc4 {[%clk 00:26:14]} {[%emt 00:02:19]}
b5 {[%clk 00:33:45]} {[%emt 00:03:02]} 24. axb5 {[%clk 00:25:04]} {[%emt
00:01:39]} Bxb5 {[%clk 00:32:45]} {[%emt 00:01:30]} 25. Rb4 {[%clk 00:24:45]}
{[%emt 00:00:49]} Bc6 {[%clk 00:32:29]} {[%emt 00:00:45]} 26. d5 {[%clk
00:22:53]} {[%emt 00:02:24]} exd5 {[%clk 00:29:40]} {[%emt 00:03:19]} 27. Bxf6
{[%clk 00:23:08]} {[%emt 00:00:14]} gxf6 {[%clk 00:30:03]} {[%emt 00:00:06]}
28. exd5 {[%clk 00:23:19]} {[%emt 00:00:21]} Bd7 {[%clk 00:28:01]} {[%emt
00:02:30]} 29. Rxb7 {[%clk 00:22:51]} {[%emt 00:00:59]} Bf5 {[%clk 00:26:23]}
{[%emt 00:02:08]} 30. Kf2 {[%clk 00:19:15]} {[%emt 00:04:05]} Re8 {[%clk
00:19:50]} {[%emt 00:06:59]} 31. h4 {[%clk 00:14:52]} {[%emt 00:04:58]} h5
{[%clk 00:17:05]} {[%emt 00:03:16]} 32. Rc7 {[%clk 00:12:46]} {[%emt 00:02:30]}
Rb8 {[%clk 00:14:17]} {[%emt 00:03:23]} 33. Rc3 {[%clk 00:11:56]} {[%emt
00:01:20]} Rb4 {[%clk 00:12:17]} {[%emt 00:02:31]} 34. g3 {[%clk 00:10:56]}
{[%emt 00:01:30]} Kf8 {[%clk 00:11:57]} {[%emt 00:00:49]} 35. Ke3 {[%clk
00:10:53]} {[%emt 00:00:34]} Ke7 {[%clk 00:11:54]} {[%emt 00:00:33]} 36. d6+
{[%clk 00:10:21]} {[%emt 00:01:02]} Ke8 {[%clk 00:09:39]} {[%emt 00:02:44]} 37.
Bd5 {[%clk 00:08:40]} {[%emt 00:02:10]} Rb6 {[%clk 00:07:58]} {[%emt 00:02:12]}
38. Rc6 {[%clk 00:07:19]} {[%emt 00:01:50]} Rb5 {[%clk 00:05:25]} {[%emt
00:03:04]} 39. Bc4 {[%clk 00:06:07]} {[%emt 00:01:43]} Re5+ {[%clk 00:05:27]}
{[%emt 00:00:27]} 40. Kf4 {[%clk 00:05:56]} {[%emt 00:00:42]} Be6 {[%clk
00:04:59]} {[%emt 00:00:57]} 41. Ba6 {[%clk 00:03:01]} {[%emt 00:03:25]} Rf5+
{[%clk 00:03:41]} {[%emt 00:01:49]} 42. Ke4 {[%clk 00:02:25]} {[%emt 00:01:05]}
Re5+ {[%clk 00:28:25]} {[%emt 00:05:45]} 43. Kf4 {[%clk 00:30:54]} {[%emt
00:02:02]} Rf5+ {[%clk 00:28:46]} {[%emt 00:00:09]} 44. Ke4 {[%clk 00:29:48]}
{[%emt 00:01:36]} Re5+ {[%clk 00:29:10]} {[%emt 00:00:07]} 45. Kf4 {[%clk
00:29:35]} {[%emt 00:00:43]} Rf5+ {[%clk 00:29:29]} {[%emt 00:00:10]} 46. Ke4
{[%clk 00:29:55]} {[%emt 00:00:10]} Re5+ {[%clk 00:29:53]} {[%emt 00:00:06]}
47. Kf4 {[%clk 00:29:58]} {[%emt 00:00:27]} Rf5+ {[%clk 00:30:17]} {[%emt
00:00:06]} 1/2-1/2

[Event "DEM U12w 2025"]
[Site "Willingen GER"]
[Date "2025.06.11"]
[Round "5"]
[White "Artemenko, Isabella"]
[Black "Tischlinger, Lara"]
[Result "1/2-1/2"]
[Termination "normal"]
[Board "3"]
[WhiteElo "1652"]
[BlackElo "1592"]
[WhiteClock "00:37:03"]
[BlackClock "00:16:43"]
[PlyCount "128"]
[WhiteFideId "34639616"]
[BlackFideId "34663401"]
[EventCountry "GER"]
[EventRounds "9"]
[EventType "swiss"]
[EventDate "2025.06.07"]

1. e4 {[%clk 01:30:58]} {[%emt 00:00:01]} c6 {[%clk 01:30:56]} {[%emt
00:00:05]} 2. d4 {[%clk 01:31:25]} {[%emt 00:00:03]} d5 {[%clk 01:31:20]}
{[%emt 00:00:05]} 3. e5 {[%clk 01:31:52]} {[%emt 00:00:04]} c5 {[%clk
01:31:44]} {[%emt 00:00:06]} 4. dxc5 {[%clk 01:32:18]} {[%emt 00:00:04]} e6
{[%clk 01:32:07]} {[%emt 00:00:07]} 5. a3 {[%clk 01:32:38]} {[%emt 00:00:10]}
Bxc5 {[%clk 01:28:21]} {[%emt 00:04:16]} 6. b4 {[%clk 01:33:01]} {[%emt
00:00:07]} Bf8 {[%clk 01:21:15]} {[%emt 00:07:35]} 7. Nf3 {[%clk 01:32:23]}
{[%emt 00:01:08]} Nc6 {[%clk 01:19:49]} {[%emt 00:01:56]} 8. Bd3 {[%clk
01:32:21]} {[%emt 00:00:32]} Nge7 {[%clk 01:19:15]} {[%emt 00:01:05]} 9. O-O
{[%clk 01:32:34]} {[%emt 00:00:17]} Ng6 {[%clk 01:19:19]} {[%emt 00:00:26]} 10.
Re1 {[%clk 01:25:04]} {[%emt 00:07:59]} Be7 {[%clk 01:18:06]} {[%emt 00:01:43]}
11. Bb2 {[%clk 01:20:23]} {[%emt 00:05:11]} O-O {[%clk 01:11:46]} {[%emt
00:06:51]} 12. Nbd2 {[%clk 01:14:03]} {[%emt 00:06:49]} Nf4 {[%clk 01:09:28]}
{[%emt 00:02:48]} 13. Bf1 {[%clk 01:11:36]} {[%emt 00:02:58]} Qc7 {[%clk
01:00:25]} {[%emt 00:09:33]} 14. Nb3 {[%clk 01:06:06]} {[%emt 00:05:59]} b6
{[%clk 00:54:08]} {[%emt 00:06:47]} 15. Qd2 {[%clk 00:59:06]} {[%emt 00:07:30]}
Ng6 {[%clk 00:52:23]} {[%emt 00:02:16]} 16. Rac1 {[%clk 00:51:57]} {[%emt
00:07:39]} Rd8 {[%clk 00:50:36]} {[%emt 00:02:16]} 17. Qe2 {[%clk 00:50:48]}
{[%emt 00:01:40]} Qd7 {[%clk 00:36:25]} {[%emt 00:14:40]} 18. Red1 {[%clk
00:47:37]} {[%emt 00:03:42]} Qe8 {[%clk 00:34:00]} {[%emt 00:02:54]} 19. c4
{[%clk 00:43:10]} {[%emt 00:04:57]} dxc4 {[%clk 00:28:16]} {[%emt 00:06:16]}
20. Qxc4 {[%clk 00:43:17]} {[%emt 00:00:23]} Bb7 {[%clk 00:27:11]} {[%emt
00:01:36]} 21. b5 {[%clk 00:43:34]} {[%emt 00:00:13]} Na5 {[%clk 00:19:53]}
{[%emt 00:07:47]} 22. Nxa5 {[%clk 00:43:47]} {[%emt 00:00:17]} bxa5 {[%clk
00:19:14]} {[%emt 00:01:09]} 23. Be2 {[%clk 00:44:03]} {[%emt 00:00:14]} a6
{[%clk 00:13:33]} {[%emt 00:06:11]} 24. Qc7 {[%clk 00:43:50]} {[%emt 00:00:43]}
Rxd1+ {[%clk 00:12:01]} {[%emt 00:02:03]} 25. Rxd1 {[%clk 00:43:14]} {[%emt
00:01:05]} Bxf3 {[%clk 00:12:14]} {[%emt 00:00:17]} 26. Bxf3 {[%clk 00:43:26]}
{[%emt 00:00:17]} Rc8 {[%clk 00:10:19]} {[%emt 00:02:25]} 27. Qxa5 {[%clk
00:34:19]} {[%emt 00:09:38]} Qxb5 {[%clk 00:10:23]} {[%emt 00:00:26]} 28. Qxb5
{[%clk 00:33:02]} {[%emt 00:01:47]} axb5 {[%clk 00:10:47]} {[%emt 00:00:06]}
29. Be4 {[%clk 00:19:02]} {[%emt 00:14:30]} Rc5 {[%clk 00:03:08]} {[%emt
00:08:09]} 30. Re1 {[%clk 00:09:33]} {[%emt 00:09:58]} Rc7 {[%clk 00:02:21]}
{[%emt 00:01:18]} 31. Bd3 {[%clk 00:09:41]} {[%emt 00:00:22]} b4 {[%clk
00:01:46]} {[%emt 00:01:05]} 32. a4 {[%clk 00:09:43]} {[%emt 00:00:28]} Rc5
{[%clk 00:01:30]} {[%emt 00:00:46]} 33. Bxg6 {[%clk 00:03:01]} {[%emt
00:07:12]} hxg6 {[%clk 00:01:54]} {[%emt 00:00:05]} 34. Rc1 {[%clk 00:02:28]}
{[%emt 00:01:03]} Rxc1+ {[%clk 00:01:35]} {[%emt 00:00:49]} 35. Bxc1 {[%clk
00:02:55]} {[%emt 00:00:04]} Bc5 {[%clk 00:01:29]} {[%emt 00:00:36]} 36. Bb2
{[%clk 00:03:20]} {[%emt 00:00:05]} Kf8 {[%clk 00:01:47]} {[%emt 00:00:12]} 37.
Kf1 {[%clk 00:03:46]} {[%emt 00:00:04]} Ke7 {[%clk 00:02:14]} {[%emt 00:00:02]}
38. Ke2 {[%clk 00:04:10]} {[%emt 00:00:06]} Kd7 {[%clk 00:02:30]} {[%emt
00:00:14]} 39. f3 {[%clk 00:04:32]} {[%emt 00:00:08]} Kc6 {[%clk 00:02:49]}
{[%emt 00:00:12]} 40. Kd3 {[%clk 00:04:57]} {[%emt 00:00:04]} Kb6 {[%clk
00:02:44]} {[%emt 00:00:36]} 41. Kc4 {[%clk 00:05:23]} {[%emt 00:00:04]} Be7
{[%clk 00:02:34]} {[%emt 00:00:38]} 42. Bc1 {[%clk 00:01:35]} {[%emt 00:04:20]}
Ka5 {[%clk 00:02:19]} {[%emt 00:00:45]} 43. Kb3 {[%clk 00:02:00]} {[%emt
00:00:05]} Bc5 {[%clk 00:27:26]} {[%emt 00:05:22]} 44. Bd2 {[%clk 00:32:25]}
{[%emt 00:00:05]} Be7 {[%clk 00:27:45]} {[%emt 00:00:12]} 45. Be3 {[%clk
00:32:41]} {[%emt 00:00:14]} Ka6 {[%clk 00:25:59]} {[%emt 00:02:16]} 46. Bd2
{[%clk 00:32:59]} {[%emt 00:00:12]} Ka5 {[%clk 00:26:24]} {[%emt 00:00:05]} 47.
Be1 {[%clk 00:33:23]} {[%emt 00:00:06]} Bf8 {[%clk 00:25:06]} {[%emt 00:01:48]}
48. Bh4 {[%clk 00:33:43]} {[%emt 00:00:09]} Bc5 {[%clk 00:15:50]} {[%emt
00:09:46]} 49. Bd8+ {[%clk 00:33:04]} {[%emt 00:01:09]} Ka6 {[%clk 00:15:41]}
{[%emt 00:00:39]} 50. Bc7 {[%clk 00:32:47]} {[%emt 00:00:48]} Kb7 {[%clk
00:13:43]} {[%emt 00:02:28]} 51. Bd6 {[%clk 00:32:58]} {[%emt 00:00:19]} Bxd6
{[%clk 00:13:52]} {[%emt 00:00:21]} 52. exd6 {[%clk 00:33:24]} {[%emt
00:00:04]} Kc6 {[%clk 00:14:16]} {[%emt 00:00:06]} 53. Kxb4 {[%clk 00:33:51]}
{[%emt 00:00:03]} Kxd6 {[%clk 00:14:42]} {[%emt 00:00:04]} 54. Kb5 {[%clk
00:34:15]} {[%emt 00:00:05]} Kc7 {[%clk 00:15:04]} {[%emt 00:00:08]} 55. Kc5
{[%clk 00:34:42]} {[%emt 00:00:04]} e5 {[%clk 00:14:56]} {[%emt 00:00:39]} 56.
Kd5 {[%clk 00:34:59]} {[%emt 00:00:13]} f6 {[%clk 00:15:13]} {[%emt 00:00:12]}
57. Ke4 {[%clk 00:34:45]} {[%emt 00:00:44]} g5 {[%clk 00:15:24]} {[%emt
00:00:19]} 58. g3 {[%clk 00:34:59]} {[%emt 00:00:16]} Kb6 {[%clk 00:15:27]}
{[%emt 00:00:27]} 59. h4 {[%clk 00:35:07]} {[%emt 00:00:22]} gxh4 {[%clk
00:15:40]} {[%emt 00:00:17]} 60. gxh4 {[%clk 00:35:33]} {[%emt 00:00:05]} Ka5
{[%clk 00:15:52]} {[%emt 00:00:18]} 61. f4 {[%clk 00:35:50]} {[%emt 00:00:12]}
exf4 {[%clk 00:16:12]} {[%emt 00:00:10]} 62. Kxf4 {[%clk 00:36:16]} {[%emt
00:00:04]} g5+ {[%clk 00:16:21]} {[%emt 00:00:20]} 63. hxg5 {[%clk 00:36:36]}
{[%emt 00:00:10]} fxg5+ {[%clk 00:16:43]} {[%emt 00:00:09]} 64. Kxg5 {[%clk
00:37:03]} {[%emt 00:00:02]} Kxa4 {[%emt 00:00:08]} 1/2-1/2

[Event "DEM U12w 2025"]
[Site "Willingen GER"]
[Date "2025.06.11"]
[Round "5"]
[White "Alnajjar, Sara"]
[Black "Suryaprakash, Smrithi"]
[Result "1/2-1/2"]
[Termination "normal"]
[Board "4"]
[WhiteElo "1565"]
[BlackElo "1731"]
[WhiteClock "00:23:53"]
[BlackClock "00:04:12"]
[PlyCount "88"]
[WhiteFideId "34668659"]
[BlackFideId "34637826"]
[EventCountry "GER"]
[EventRounds "9"]
[EventType "swiss"]
[EventDate "2025.06.07"]

1. d4 {[%clk 01:30:55]} {[%emt 00:00:03]} Nf6 {[%clk 01:30:42]} {[%emt
00:00:18]} 2. c4 {[%clk 01:31:18]} {[%emt 00:00:08]} g6 {[%clk 01:31:08]}
{[%emt 00:00:03]} 3. Nc3 {[%clk 01:31:39]} {[%emt 00:00:09]} Bg7 {[%clk
01:31:32]} {[%emt 00:00:07]} 4. g3 {[%clk 01:31:57]} {[%emt 00:00:12]} O-O
{[%clk 01:31:46]} {[%emt 00:00:15]} 5. Bg2 {[%clk 01:32:19]} {[%emt 00:00:08]}
d6 {[%clk 01:30:26]} {[%emt 00:01:51]} 6. Nf3 {[%clk 01:32:42]} {[%emt
00:00:06]} Nbd7 {[%clk 01:30:38]} {[%emt 00:00:19]} 7. O-O {[%clk 01:32:58]}
{[%emt 00:00:13]} c5 {[%clk 01:29:41]} {[%emt 00:01:27]} 8. d5 {[%clk
01:32:43]} {[%emt 00:00:46]} a6 {[%clk 01:29:40]} {[%emt 00:00:31]} 9. e4
{[%clk 01:32:58]} {[%emt 00:00:14]} b5 {[%clk 01:20:45]} {[%emt 00:09:26]} 10.
Nd2 {[%clk 01:28:07]} {[%emt 00:05:21]} b4 {[%clk 01:15:32]} {[%emt 00:05:44]}
11. Ne2 {[%clk 01:27:19]} {[%emt 00:01:17]} a5 {[%clk 01:15:10]} {[%emt
00:00:53]} 12. a4 {[%clk 01:23:50]} {[%emt 00:03:58]} Ba6 {[%clk 01:10:44]}
{[%emt 00:04:56]} 13. b3 {[%clk 01:22:08]} {[%emt 00:02:12]} Nxd5 {[%clk
01:08:46]} {[%emt 00:02:27]} 14. Ra2 {[%clk 01:20:18]} {[%emt 00:02:20]} Nc7
{[%clk 01:04:22]} {[%emt 00:04:54]} 15. e5 {[%clk 01:17:10]} {[%emt 00:03:39]}
Rb8 {[%clk 01:04:39]} {[%emt 00:00:13]} 16. exd6 {[%clk 01:17:18]} {[%emt
00:00:22]} exd6 {[%clk 01:05:02]} {[%emt 00:00:07]} 17. Ne4 {[%clk 01:16:59]}
{[%emt 00:00:49]} Bb7 {[%clk 00:57:14]} {[%emt 00:08:18]} 18. Nxd6 {[%clk
01:16:25]} {[%emt 00:01:04]} Bxg2 {[%clk 00:56:40]} {[%emt 00:01:03]} 19. Kxg2
{[%clk 01:16:50]} {[%emt 00:00:05]} Ne5 {[%clk 00:47:36]} {[%emt 00:09:35]} 20.
Be3 {[%clk 01:07:20]} {[%emt 00:09:59]} Ne6 {[%clk 00:43:58]} {[%emt 00:04:06]}
21. Ne4 {[%clk 01:05:03]} {[%emt 00:02:51]} Qc7 {[%clk 00:40:44]} {[%emt
00:03:40]} 22. Rd2 {[%clk 00:50:47]} {[%emt 00:14:49]} Ng4 {[%clk 00:37:05]}
{[%emt 00:04:09]} 23. Bf4 {[%clk 00:47:10]} {[%emt 00:04:06]} Nxf4+ {[%clk
00:36:44]} {[%emt 00:00:51]} 24. Nxf4 {[%clk 00:47:24]} {[%emt 00:00:15]} Nf6
{[%clk 00:36:32]} {[%emt 00:00:43]} 25. Nxf6+ {[%clk 00:46:42]} {[%emt
00:01:12]} Bxf6 {[%clk 00:36:54]} {[%emt 00:00:08]} 26. Kg1 {[%clk 00:46:39]}
{[%emt 00:00:33]} Bd4 {[%clk 00:30:00]} {[%emt 00:07:23]} 27. Nd5 {[%clk
00:46:23]} {[%emt 00:00:49]} Qe5 {[%clk 00:22:15]} {[%emt 00:08:14]} 28. Re2
{[%clk 00:44:35]} {[%emt 00:02:19]} Qd6 {[%clk 00:18:34]} {[%emt 00:04:11]} 29.
Rfe1 {[%clk 00:40:33]} {[%emt 00:04:32]} Kh8 {[%clk 00:13:40]} {[%emt
00:05:25]} 30. Re7 {[%clk 00:38:03]} {[%emt 00:02:59]} Rbd8 {[%clk 00:10:07]}
{[%emt 00:04:03]} 31. Ra7 {[%clk 00:36:24]} {[%emt 00:02:09]} Ra8 {[%clk
00:10:16]} {[%emt 00:00:18]} 32. Ree7 {[%clk 00:36:35]} {[%emt 00:00:22]} Rxa7
{[%clk 00:09:48]} {[%emt 00:00:59]} 33. Rxa7 {[%clk 00:36:55]} {[%emt
00:00:10]} Qd8 {[%clk 00:09:22]} {[%emt 00:00:54]} 34. Qf3 {[%clk 00:35:49]}
{[%emt 00:01:38]} f6 {[%clk 00:06:38]} {[%emt 00:03:09]} 35. Qf4 {[%clk
00:33:16]} {[%emt 00:03:07]} Re8 {[%clk 00:05:28]} {[%emt 00:01:41]} 36. Qh6
{[%clk 00:24:44]} {[%emt 00:09:01]} Re1+ {[%clk 00:05:41]} {[%emt 00:00:17]}
37. Kg2 {[%clk 00:25:06]} {[%emt 00:00:08]} Qg8 {[%clk 00:05:55]} {[%emt
00:00:14]} 38. Ne7 {[%clk 00:24:59]} {[%emt 00:00:40]} Qe8 {[%clk 00:05:39]}
{[%emt 00:00:44]} 39. Nxg6+ {[%clk 00:22:59]} {[%emt 00:02:32]} Qxg6 {[%clk
00:05:58]} {[%emt 00:00:10]} 40. Rxh7+ {[%clk 00:22:36]} {[%emt 00:00:54]} Qxh7
{[%clk 00:05:59]} {[%emt 00:00:29]} 41. Qf8+ {[%clk 00:22:52]} {[%emt
00:00:14]} Qg8 {[%clk 00:03:23]} {[%emt 00:03:05]} 42. Qh6+ {[%clk 00:23:14]}
{[%emt 00:00:08]} Qh7 {[%clk 00:03:47]} {[%emt 00:00:06]} 43. Qf8+ {[%clk
00:23:34]} {[%emt 00:00:10]} Qg8 {[%clk 00:04:12]} {[%emt 00:00:05]} 44. Qh6+
{[%clk 00:23:53]} {[%emt 00:00:12]} Qh7 {[%emt 00:01:02]} 1/2-1/2